00670nam a2200205 i 4500003000900000005001700009007000300026008004100029020001800070040003000088082001300118100004900131245006000180264004800240300002900288336002700317337003400344338002800378500005800406DO-SdBNP20240704094828.0ta240704s2023 dr 000 f spa d a9789945185782 aDO-SdBNPbspacBNPHUerda bN964222 aNúñez Hernández, Ramóneautord1955-13aEn el álbum familiar /cRamón Núñez Hernández 1aSanto Domingo :bTiempo de nosotros,c2023. a203 páginas, c23 cm. 2rdacontentatextobtxt 2rdamediaasin mediación bn 2rdacarrieravolumenbnc aIncluye datos biográficos del autor en las solapas